00623nam a22001937a 4500003000400000020001900004082001900023100001300042245013700055260006000192300001000252546001200262650003000274650003300304650002600337650002300363700002100386700002200407OSt a97881930376450 a338.17bUMA/PA aUma Lele aPatterns of structural transformation and agricultural productivity growth:bwith special focus on Brazil Chaina Indonesia and India aPunebGokhale Institute of Politics and Economicsc2018 a297p. aEnglish aAgricultural productivity aEnvironmental sustainability aAgricultural strategy aEnvironment policy aManmohna Agarwal aSambuddha Goswami